[Event "SVK-chT2D 1516"]
[Site "Slovakia"]
[Date "2016.02.14"]
[Round "9.2"]
[White "Bednar, Milan"]
[Black "Sepesi, Samuel"]
[Result "1/2-1/2"]
[WhiteElo "2240"]
[BlackElo "2127"]
[PlyCount "69"]
[EventDate "2015.10.17"]
[EventType "team-tourn"]
[EventRounds "11"]
[EventCountry "SVK"]
[SourceTitle "EXT 2017"]
[Source "ChessBase"]
[SourceDate "2016.10.25"]
[SourceVersion "1"]
[SourceVersionDate "2016.10.25"]
[SourceQuality "1"]
[WhiteTeam "Bardejov II"]
[BlackTeam "Kosice 1 CC"]
[WhiteTeamCountry "SVK"]
[BlackTeamCountry "SVK"]

1. d4 Nf6 2. Nf3 g6 3. g3 Bg7 4. Bg2 0-0 5. 0-0 d6 6. c4 c6 7. Nc3 Qa5 8. e4 e5 9. d5 cxd5 10. cxd5 b5 11. Nd2 b4 12. Na4 Bg4 13. f3 Bd7 14. b3 Bxa4 15. bxa4 Nbd7 16. Kh1 Rfc8 17. a3 b3 18. Nxb3 Qxa4 19. Bd2 a5 20. Nxa5 Rxa5 21. Bxa5 Qxa5 22. Qe1 Qa4 23. Qb4 Rc4 24. Qxa4 Rxa4 25. Rfb1 Kf8 26. Bf1 Bh6 27. Rb7 Nc5 28. Rb8+ Ke7 29. Bb5 Ra5 30. Bc6 Nfd7 31. Rc8 Bd2 32. Ra2 Bc3 33. a4 Be1 34. Rb2 Ra7 35. Ra2 1/2-1/2

[Event "SVK-chT2D 1516"]
[Site "Slovakia"]
[Date "2015.12.05"]
[Round "5.2"]
[White "Bemak, Mikhail"]
[Black "Bednar, Milan"]
[Result "0-1"]
[WhiteElo "2143"]
[BlackElo "2239"]
[PlyCount "68"]
[EventDate "2015.10.17"]
[EventType "team-tourn"]
[EventRounds "11"]
[EventCountry "SVK"]
[SourceTitle "CBM 170 Extra"]
[Source "ChessBase"]
[SourceDate "2016.02.25"]
[SourceVersion "1"]
[SourceVersionDate "2016.02.25"]
[SourceQuality "1"]
[WhiteTeam "Velke Kapusany"]
[BlackTeam "Bardejov II"]
[WhiteTeamCountry "SVK"]
[BlackTeamCountry "SVK"]

1. d4 d5 2. c4 c6 3. Nf3 e6 4. Nc3 f5 5. g3 Be7 6. Bg2 Nd7 7. b3 Bf6 8. 0-0 Ne7 9. Ng5 Nf8 10. Nf3 Nfg6 11. e3 0-0 12. Bb2 Nh8 13. Ne5 Nf7 14. f4 Bd7 15. c5 g5 16. b4 g4 17. a4 h5 18. Rf2 Kg7 19. b5 Rh8 20. Bf1 Rh6 21. a5 Bxe5 22. fxe5 h4 23. a6 bxa6 24. bxc6 Nxc6 25. Bc1 hxg3 26. hxg3 Ng5 27. Bg2 Qe7 28. Rxa6 Rah8 29. Rfa2 Rh2 30. e4 Nxe5 31. Bxg5 Qxg5 32. dxe5 Qe3+ 33. Rf2 Qxg3 34. Kf1 Rxg2 0-1

[Event "SVK-chT1E 1516"]
[Site "Slovakia"]
[Date "2015.11.15"]
[Round "4.2"]
[White "Csolto, Robert"]
[Black "Bednar, Milan"]
[Result "1/2-1/2"]
[WhiteElo "2224"]
[BlackElo "2233"]
[PlyCount "28"]
[EventDate "2015.10.24"]
[EventType "team-tourn"]
[EventRounds "11"]
[EventCountry "SVK"]
[SourceTitle "CBM 169 Extra"]
[Source "ChessBase"]
[SourceDate "2015.12.18"]
[SourceVersion "1"]
[SourceVersionDate "2015.12.18"]
[SourceQuality "1"]
[WhiteTeam "Jelsava Magnezit"]
[BlackTeam "Bardejov"]
[WhiteTeamCountry "SVK"]
[BlackTeamCountry "SVK"]

1. e4 c5 2. Nf3 e6 3. d4 cxd4 4. Nxd4 a6 5. Bd3 d6 6. Be3 Nf6 7. 0-0 Be7 8. Nc3 b6 9. Rc1 Bb7 10. f4 0-0 11. Qd2 Re8 12. a3 Bf8 13. b4 Nbd7 14. Nb3 Rc8 1/2-1/2

[Event "SVK-chT2D 1516"]
[Site "Slovakia"]
[Date "2015.11.08"]
[Round "4.2"]
[White "Fiacan, Robert"]
[Black "Bednar, Milan"]
[Result "0-1"]
[WhiteElo "2116"]
[BlackElo "2233"]
[PlyCount "75"]
[EventDate "2015.10.17"]
[EventType "team-tourn"]
[EventRounds "11"]
[EventCountry "SVK"]
[SourceTitle "CBM 169 Extra"]
[Source "ChessBase"]
[SourceDate "2015.12.18"]
[SourceVersion "1"]
[SourceVersionDate "2015.12.18"]
[SourceQuality "1"]
[WhiteTeam "Kosice Slavia IV"]
[BlackTeam "Bardejov II"]
[WhiteTeamCountry "SVK"]
[BlackTeamCountry "SVK"]

1. f4 d5 2. Nf3 Nc6 3. g3 Bg4 4. Bg2 Qd7 5. d3 h5 6. h3 Bf5 7. Nc3 Nf6 8. Ne5 Qd6 9. a4 a6 10. Nxc6 Qxc6 11. e3 e6 12. Qe2 Bb4 13. Bd2 0-0-0 14. 0-0 Qd6 15. Rad1 Qc5 16. Na2 Bxd2 17. Qxd2 Qd6 18. b4 Nd7 19. Qc3 g5 20. e4 Bg6 21. e5 Qb6+ 22. d4 h4 23. a5 Qa7 24. Kh1 hxg3 25. fxg5 Rh4 26. Qxg3 Rdh8 27. Rf4 R4h5 28. Nc3 b6 29. h4 Qb7 30. Bf3 R5h7 31. Kg2 Qc6 32. Ne2 Qxc2 33. Rc1 Qb2 34. axb6 Nxb6 35. Rh1 Nc4 36. Qf2 Qd2 37. Rh3 Bf5 38. Bg4 0-1